LEADER 01040nam a2200253 i 4500 001 000000177495 003 CaOOAMICUS 005 20090206000000.0 008 090206s1998 it u000 u ita u 013 $a155029 040 $aSeMil$bita 100 0 $aGiotto,$d.$0(OLS)http://semarc/name/16497 245 10$aGiotto :$bCompianto su Cristo morto. 260 $aMilano :$bRCS Rizzoli Libri,$ccopyr. 1998. 300 $a48 p. :$briccamente ill. ;$c31 cm. 490 0 $aCento dipinti 500 $aDono di don Romano Martinelli. 650 4$aGiotto : di Bondone . Compianto sul Cristo morto.$0(OLS)http://semarc/subject/33906 830 0$aCento dipinti.$0(OLS)http://semarc/title/27224 850 $aSeMil 852 $aSeMil$W1$xVenegono$y1$m5T VII 89$j128306$B128306$CSeMilBibl$Z2$F139180 $81 961 $aOmaggio: Martinelli don Romano 996 $6245$aGiotto :$bCompianto su Cristo morto$9(OLS)http://semarc/title/254936 996 $6260$aMilano :$bRCS Rizzoli Libri$9(OLS)http://semarc/publisher/30293 LEADER 00811nam a2200193 i 4500 001 000000224054 003 CaOOAMICUS 005 20131024000000.0 008 131024s1754 it u000 u fre u 013 $a202952 026 $alaes t-r- s-rt vice (3) 1754 (R) 040 $aSeMil$bita 245 10$aTome 6. 300 $a[4], 410, [2] p., [1] carta di tav. calcogr. :$bantip. 500 $aSegn. : pigreco2 A-R12 S2. 773 0 $tOeuvres de monsieur de Fontenelle, des Académies, françoise, des sciences, des belles-lettres, de Londres, de Nancy, de Berlin, & de Rome ... Tome 1. [-6.].$dA Amsterdam : Aux dépens de la Compagnie, 1754.$g6$w()28954 850 $aSeMil 852 $aSeMil$W1$xVenegono$y1$m2R I 149 FA$j174400$B174400$CSeMilBibl$Z2$F184506 $8I 996 $6245$aTome 6$9(OLS)http://semarc/title/1601